书目信息 |
| 题名: |
论要素比价、劳动报酬与居民消费
|
|
| 作者: | 李文溥 , 龚敏 著 | |
| 分册: | ||
| 出版信息: | 北京 人民出版社 2013 |
|
| 页数: | 645页 | |
| 开本: | 24cm | |
| 丛书名: | ||
| 单 册: | ||
| 中图分类: | F126.2 , F126.1 | |
| 科图分类: | ||
| 主题词: | 居民收入--收入分配--关系--经济增长--研究--中国 , 居民消费--关系--经济增长--研究--中国 , 居民收入 , 收入分配 , 经济增长 , 居民消费 | |
| 电子资源: | ||
| ISBN: | 978-7-01-012864-1 | |
| 000 | 01421nam0 2200325 450 | |
| 001 | 523 | |
| 005 | 20140908161928.20 | |
| 010 | @a978-7-01-012864-1@dCNY80.00 | |
| 100 | @a20140120d2013 em y0chiy50 ea | |
| 101 | 0 | @achi |
| 102 | @aCN@b110000 | |
| 105 | @aa z 001yy | |
| 106 | @ar | |
| 200 | 1 | @a论要素比价、劳动报酬与居民消费@ALun Yao Su Bi Jia、 Lao Dong Bao Chou Yu Ju Min Xiao Fei@f李文溥,龚敏等著@FLi Wen Pu, Gong Min Deng Zhu |
| 210 | @a北京@c人民出版社@d2013 | |
| 215 | @a645页@c图@d24cm | |
| 300 | @a国家社会科学基金重大项目成果 | |
| 330 | @a本书从近20年来中国宏观经济的一个重要现象——国民收入支出结构失衡出发,从国民收入分配结构的变化入手,探讨劳动报酬占比下降、居民消费不振的体制原因。研究认为,产生国民收入分配从而支出结构失衡的根本原因在于出口劳动密集型产品为导向的粗放型经济发展方式没有随着人均GDP的提高而适时转型。其所以如此,是由于对GDP及财政收入最大化的追求,导致了行政干预要素市场,导致要素比价扭曲,人为地提高了资本报酬率,导致了资本过度深化,压低了劳动报酬率。 | |
| 606 | 0 | @a居民收入@x收入分配@x关系@x经济增长@x研究@y中国 |
| 606 | 0 | @a居民消费@x关系@x经济增长@x研究@y中国 |
| 606 | 0 | @a居民收入 |
| 606 | 0 | @a收入分配 |
| 606 | 0 | @a经济增长 |
| 606 | 0 | @a居民消费 |
| 690 | @aF126.2@v5 | |
| 690 | @aF126.1@v5 | |
| 701 | 0 | @a李文溥@ALi Wen Pu@f(1953~)@4著 |
| 701 | 0 | @a龚敏@AGong Min@f(1965~)@4著 |
| 801 | 0 | @aCN@bTANGWEI@c20140603 |
| 905 | @b0840878-80@dF126.2@e206@f3 | |
| 论要素比价、劳动报酬与居民消费/李文溥,龚敏等著.-北京:人民出版社,2013 |
| 645页:图;24cm |
| 国家社会科学基金重大项目成果 |
| ISBN 978-7-01-012864-1:CNY80.00 |
| 本书从近20年来中国宏观经济的一个重要现象——国民收入支出结构失衡出发,从国民收入分配结构的变化入手,探讨劳动报酬占比下降、居民消费不振的体制原因。研究认为,产生国民收入分配从而支出结构失衡的根本原因在于出口劳动密集型产品为导向的粗放型经济发展方式没有随着人均GDP的提高而适时转型。其所以如此,是由于对GDP及财政收入最大化的追求,导致了行政干预要素市场,导致要素比价扭曲,人为地提高了资本报酬率,导致了资本过度深化,压低了劳动报酬率。 |
| ● |
| 相关链接 |
|
|
|
|
正题名:论要素比价、劳动报酬与居民消费
索取号:F126.2/206
 
预约/预借
| 序号 | 登录号 | 条形码 | 馆藏地/架位号 | 状态 | 备注 |
| 1 | 0840878 | 208408784 | 第一样本阅览室/ [索取号:F126.2/206] | 在馆 | |
| 2 | 0840879 | 208408793 | 密集书库-海洋学院/ [索取号:F126.2/206] | 在馆 | |
| 3 | 0840880 | 208408800 | 第一借阅区/ [索取号:F126.2/206] | 在馆 |